Hippocratic heritage : a history of ideas about weather and human health /

Bibliographic Details
Main Author: Sargent, Frederick, 1920-
Format: Book
Language:English
Published: New York : Pergamon Press, [1982]
Series:Pergamon international library of science, technology, engeneering and social studies
Subjects:

MARC

Tag First Indicator Second Indicator Subfields
LEADER 00000cam a2200000 a 4500
001 in00000091731
005 20150923131804.0
008 810810s1982 nyuac b 00110 eng
010 |a  81013837  
020 |a 0080287905 
020 |a 0080287891 (pbk.) 
035 |a (OCoLC)07923136 
035 |9 AAK7064AM 
039 0 |a 2  |b 3  |c 3  |d 3  |e 3 
040 |a DLC  |c DLC  |d CUX  |d TXA  |d UtOrBLW 
049 |a TXAM  |c [1561947] 
050 0 0 |a RA793  |b  S34 1982 
082 0 |a 613.1/09  |2 19 
096 |a WB700 S26 1982 
100 1 |a Sargent, Frederick,  |d 1920- 
245 1 0 |a Hippocratic heritage :  |b a history of ideas about weather and human health /  |c Frederick Sargent II. 
264 1 |a New York :  |b Pergamon Press,  |c [1982] 
264 4 |c ©1982 
300 |a xlii, 581 pages :  |b illustrations, portraits ;  |c 24 cm. 
336 |a text  |b txt  |2 rdacontent 
337 |a unmediated  |b n  |2 rdamedia 
338 |a volume  |b nc  |2 rdacarrier 
490 0 |a Pergamon international library of science, technology, engeneering and social studies 
504 |a Includes bibliographies and index. 
650 0 |a Medical climatology  |x History. 
650 2 |a Climate. 
650 2 |a Weather. 
999 |a MARS 
999 f f |s 3c54bb4f-e48f-3dfb-8f9e-b0286689980c  |i 4ae5ef06-ebeb-3df9-8192-d76b8f989148  |t 0 
952 f f |p ric  |a Texas A&M University  |b Rellis Campus  |c Joint Library Facility  |d Remote Storage  |t 0  |e RA793 S34 1982  |h Library of Congress classification  |i unmediated -- volume  |m A14806003744 
998 f f |a RA793 S34 1982  |t 0  |l Remote Storage